00430nam a2200157Ia 4500003000400000008004100004040001600045082001500061100002000076245004500096700001900141260005100160300001000211650002700221650002400248GCL140319s9999 xx 000 0 eng d aGCL / cGCL04a401.9bF L1 aGARMAN, MICHAEL10aLONGUAGE ACQUISITION / cGARMAN, MICHAEL1 aFLETCHER, PAUL a[S.N] : bCAMBRIDGE UNIVERSITY PRESS ، c1992 a613 P04aLANGUAGE - ACQUISITION04aCHILDREN - LANGUAGE